| 000 | 00351cam a22001097a 4500 | ||
|---|---|---|---|
| 008 | 180718b1988 xxu||||| |||| 00| 0 eng d | ||
| 082 | _aA75 Ut8P | ||
| 245 |
_aUttar Pradesh district gazetteers: Pilibhit _cedited by Kailash Narain Pande |
||
| 260 |
_aLucknow _bDepartment of District Gazetteers _c1988 |
||
| 300 | _a299p. | ||
| 700 | _aPande, Kailash Narain | ||
| 999 |
_c487041 _d487041 |
||